Applications in basic marketing : clippings from the popular business press /
"Clippings from the popular business press."
| Altres autors: | , |
|---|---|
| Format: | Llibre |
| Idioma: | English |
| Publicat: |
Homewood, IL :
Irwin,
c1990-
|
| Matèries: | |
| Publicació relacionada: | Online version:
Applications in basic marketing Companion vol. to: McCarthy, E. Jerome (Edmund Jerome). Basic marketing; and: McCarthy, E. Jerome (Edmond Jerome). Essentials of marketing. |
| Classic Catalogue: | View this record in Classic Catalogue |
| LEADER | 02257nam a2200493 a 4500 | ||
|---|---|---|---|
| 001 | 29589 | ||
| 003 | BD-DhAAL | ||
| 005 | 20150804155452.0 | ||
| 008 | 150803c19909999mauar b 0 a0eng c | ||
| 010 | |a sn 92028178 | ||
| 020 | |a 0072864702 | ||
| 022 | 0 | |a 1099-5579 | |
| 040 | |a OPosmS |b eng |c OPosmS |d InU |d NST |d DLC |d NSDP |d CaQQL |d OCoLC |d DLC |d NLGGC |d OCoLC |d TULIB |d OCoLC |d BD-DhAAL | ||
| 050 | 0 | 0 | |a HF5410 |b .A67 |
| 082 | 0 | 4 | |a 658.8/005 |2 20 |
| 999 | |c 35152 |d 35152 | ||
| 999 | |c 35152 | ||
| 210 | 0 | |a Appl. basic mark. | |
| 222 | 0 | |a Applications in basic marketing | |
| 245 | 0 | 0 | |a Applications in basic marketing : |b clippings from the popular business press / |c William D. Perreault, E. Jerome McCarthy |
| 260 | |a Homewood, IL : |b Irwin, |c c1990- | ||
| 300 | |a v. 214 p. : |b ill. ; |c 26 cm. | ||
| 310 | |a Annual | ||
| 362 | 0 | |a 1990- | |
| 500 | |a Published: Boston, Mass: McGraw-Hill/Irvin, <2004/2005> | ||
| 500 | |a Editors: 1990- E. Jerome McCarthy and William D. Perreault, Jr. | ||
| 504 | |a Includes bibliographical references. | ||
| 520 | |a "Clippings from the popular business press." | ||
| 580 | |a Companion vol. to: McCarthy, E. Jerome (Edmund Jerome). Basic marketing; and: McCarthy, E. Jerome (Edmond Jerome). Essentials of marketing. | ||
| 590 | |a Earlier selection Decision based on 1990 | ||
| 590 | |a Title from title page. | ||
| 650 | 0 | |a Marketing |v Periodicals. |9 13518 | |
| 650 | 0 | |a Marketing |x Management |v Periodicals. |9 13519 | |
| 650 | 4 | |a Marketing |x Management |v Periodicals. |9 13520 | |
| 650 | 6 | |a Marketing |v Périodiques. |9 13521 | |
| 650 | 6 | |a Marketing |x Coupures de presse |v Périodiques. |9 13522 | |
| 650 | 1 | 7 | |a Marketing. |2 gtt |9 13523 |
| 700 | 1 | |a McCarthy, E. Jerome |q (Edmund Jerome) |9 9548 | |
| 700 | 1 | |a Perreault, William D. |9 9546 | |
| 700 | 1 | |a McCarthy, E. Jerome |q (Edmund Jerome). |t Basic marketing. |9 13524 | |
| 700 | 1 | |a McCarthy, E. Jerome |q (Edmund Jerome). |t Essentials of marketing. |9 13525 | |
| 776 | 0 | 8 | |i Online version: |t Applications in basic marketing |w (OCoLC)748988109 |
| 942 | |2 ddc |c BK | ||
| 952 | |0 0 |1 0 |2 ddc |4 0 |6 658_800500000000000_APP |7 0 |9 55108 |a BRACUL |b BRACUL |c GEN |d 2015-08-04 |e BRAC Institute of Language (BIL) |l 0 |o 658.8005 APP |p 3010029589 |r 2015-08-04 |t 1 |w 2015-08-04 |y BK |x Transferred from BIL to BRACUL on 06/06/22 | ||